| 000 | 00925nam a2200289 a 4500 | ||
|---|---|---|---|
| 003 | AR-BaBNM | ||
| 005 | 20251128210344.0 | ||
| 008 | 082120s2002 ||||||||||||||000 | spa|| | ||
| 020 | _a84-7506-411-6 | ||
| 040 | _cAR-BaBNM | ||
| 100 | 1 | _aUnamuno, Miguel de | |
| 245 | 0 | 0 |
_aObras completas de Miguel de Unamuno _bEl espejo de la muerte ; Tulio Montalbán y Julio Macedo ; Tres novelas ejemplares y un prólogo ; San Manuel Bueno, mártir, y tres historias más ; Cuentos _n2 ; |
| 260 |
_aMadrid _bTurner Libros _c1995 |
||
| 300 | _axv, 755 p. | ||
| 490 | 0 |
_aBiblioteca Castro _vv. 38 |
|
| 650 | 4 | _aLITERATURA ESPAÑOLA | |
| 650 | 4 | _aFILOSOFIA LITERARIA | |
| 650 | 4 | _aGUERRA CIVIL | |
| 650 | 4 | _aANTOLOGIAS | |
| 653 | _aGENERACION DE 1898 | ||
| 653 | _aNARRATIVA | ||
| 655 | _aLITERATURA | ||
| 700 | 1 |
_aSenabre, Ricardo _eeditor |
|
| 800 | 1 |
_aArroyo Stephens, Manuel _eeditor |
|
| 942 | _cBK | ||
| 998 | _cMARTIN | ||
| 999 |
_c15105 _d15105 |
||